000
00272nam a2200109Ia 4500
008
220204s9999 xx 000 0 und d
082
_a
631.2:632.952
_b
SIN.2
100
_a
Sinha, A P
245
0
_a
Soil fungicides. V 2
260
_a
Delhi
_b
CBS Publishers
_c
1988
942
_c
BK
999
_c
41172
_d
41172